[Event "Voronezh op-A 14th"]
[Site "Voronezh"]
[Date "2010.06.16"]
[Round "5"]
[White "Gorkavij, Vadim"]
[Black "Inants, Aghasi"]
[Result "1-0"]
[WhiteElo "2383"]
[BlackElo "2259"]
[PlyCount "65"]
[EventDate "2010.06.12"]
[EventType "swiss"]
[EventRounds "9"]
[EventCountry "RUS"]
[SourceTitle "CBM 137 Extra"]
[Source "ChessBase"]
[SourceDate "2010.09.01"]
[SourceVersion "1"]
[SourceVersionDate "2010.09.01"]
[SourceQuality "1"]

1. e4 Nc6 2. Nf3 d6 3. d4 Bg4 4. Be2 Nf6 5. Nc3 e6 6. 0-0 Be7 7. d5 exd5 8. exd5 Bxf3 9. Bxf3 Ne5 10. Be2 0-0 11. f4 Ned7 12. b3 Re8 13. Bb2 Bf8 14. Bf3 g6 15. g4 Re7 16. Qd2 a6 17. g5 Ne8 18. h4 Qb8 19. Rae1 Qa7+ 20. Kg2 Ng7 21. Rxe7 Bxe7 22. Bg4 f5 23. Bf3 Re8 24. Ne2 Bf8 25. Bd4 Qb8 26. Ng3 Re7 27. Bb2 Ne8 28. h5 Bg7 29. c3 b5 30. h6 Bh8 31. Re1 Qd8 32. Rxe7 Qxe7 33. Ne2 1-0

[Event "Voronezh op-A 14th"]
[Site "Voronezh"]
[Date "2010.06.12"]
[Round "1"]
[White "Papin, Vasily"]
[Black "Inants, Aghasi"]
[Result "1-0"]
[WhiteElo "2520"]
[BlackElo "2259"]
[PlyCount "51"]
[EventDate "2010.06.12"]
[EventType "swiss"]
[EventRounds "9"]
[EventCountry "RUS"]
[SourceTitle "CBM 137 Extra"]
[Source "ChessBase"]
[SourceDate "2010.09.01"]
[SourceVersion "1"]
[SourceVersionDate "2010.09.01"]
[SourceQuality "1"]

1. d4 d5 2. c4 c6 3. Nf3 Nf6 4. Nc3 e6 5. Bg5 dxc4 6. e4 b5 7. e5 h6 8. Bh4 g5 9. Nxg5 hxg5 10. Bxg5 Nbd7 11. g3 Qa5 12. exf6 b4 13. Ne4 Ba6 14. b3 0-0-0 15. Qc2 Qf5 16. Bxc4 Bxc4 17. bxc4 Qf3 18. 0-0 Bh6 19. Bxh6 Nxf6 20. Ng5 Qh5 21. h4 Rxd4 22. Qa4 Rxh4 23. Qxc6+ Kb8 24. gxh4 Qxh4 25. Qh1 Qf4 26. Qh2 1-0